<?xml version="1.0" encoding="UTF-8"?>
<collection xmlns="http://www.loc.gov/MARC21/slim">
<record>
  <controlfield tag="001">3621</controlfield>
  <controlfield tag="005">20181005104822.0</controlfield>
  <datafield tag="037" ind1=" " ind2=" ">
    <subfield code="a">POSTER-2018-0058</subfield>
  </datafield>
  <datafield tag="100" ind1=" " ind2=" ">
    <subfield code="a">Decraemer, Bieke</subfield>
  </datafield>
  <datafield tag="245" ind1=" " ind2=" ">
    <subfield code="a">Streamer wave events observed with STEREO/COR2</subfield>
  </datafield>
  <datafield tag="260" ind1=" " ind2=" ">
    <subfield code="c">2018</subfield>
  </datafield>
  <datafield tag="269" ind1=" " ind2=" ">
    <subfield code="c">2018-09-05</subfield>
  </datafield>
  <datafield tag="520" ind1=" " ind2=" ">
    <subfield code="a">Recently, transverse waves were observed in helmet streamers, typically after the passage of a coronal mass ejection (CME). The CME-driven shock wave moved the streamer sideways, and a decaying oscillation of the streamer was observed after the CME passage. All the previous works reported observations of streamer oscillations taken from a single vantage point (typically the SOHO spacecraft). We conduct a data survey searching for streamer wave events observed by the COR2 coronagraph onboard the STEREO spacecraft. For the first time, we can observe streamer wave events from multiple vantage points, by using the COR2 instrument on both STEREO A and B. We investigate the characteristics of streamer waves by comparing the different events and performing a statistical analysis. Common observational features give us insight on the physical nature of streamer wave events. </subfield>
  </datafield>
  <datafield tag="594" ind1=" " ind2=" ">
    <subfield code="a">NO</subfield>
  </datafield>
  <datafield tag="700" ind1=" " ind2=" ">
    <subfield code="a">Van Doorsselaere, Tom</subfield>
  </datafield>
  <datafield tag="700" ind1=" " ind2=" ">
    <subfield code="a">Zhukov, Andrei</subfield>
  </datafield>
  <datafield tag="773" ind1=" " ind2=" ">
    <subfield code="t">BUKS, La Laguna, Tenerife</subfield>
  </datafield>
  <datafield tag="856" ind1="0" ind2=" ">
    <subfield code="f">bieke.decraemer@observatoire.be</subfield>
  </datafield>
  <datafield tag="980" ind1=" " ind2=" ">
    <subfield code="a">CPOSTER</subfield>
  </datafield>
</record>
</collection>